000 00577nam a22001817a 4500
005 20231115125051.0
008 231115b |||||||| |||| 00| 0 eng d
020 _a0702129925
041 _aEnglish
082 _a344.1 RAU
100 _aRautenbach, F
_lEnglish
245 _aLabour Litigation :
_bA Practical Guide to Procedure and Tactics /
_cF Rautenbach
250 _aFirst Edition
260 _aCape Town :
_bJuta and Company Ltd,
_c1993
300 _bxxiv, 189 pages ;
_c25,5 cm.
650 _aLegal practice
_bLaw
942 _cBK
_6ALISON_BN_VRIES
999 _c678
_d678